[Event "Montcada op-B 25th"]
[Site "Montcada"]
[Date "2017.07.03"]
[Round "9"]
[White "Collell Rodriguez, Victor"]
[Black "Costa Trave, Jaume"]
[Result "1-0"]
[WhiteElo "1853"]
[BlackElo "1985"]
[PlyCount "51"]
[EventDate "2017.06.26"]
[EventType "swiss"]
[EventRounds "9"]
[EventCountry "ESP"]
[SourceTitle "EXT 2018"]
[Source "ChessBase"]
[SourceDate "2017.10.13"]
[SourceVersion "1"]
[SourceVersionDate "2017.10.13"]
[SourceQuality "1"]

1. e4 e6 2. Nf3 d5 3. Nc3 Nf6 4. e5 Nfd7 5. d4 c5 6. dxc5 Nc6 7. Bf4 Be7 8. a3 Nxc5 9. h4 Qc7 10. h5 h6 11. Rh3 Bd7 12. Rg3 Kf8 13. Bd3 Nxd3+ 14. cxd3 a6 15. Qd2 Na5 16. Nxd5 exd5 17. e6 Bd6 18. Bxd6+ Qxd6 19. exd7 Nc6 20. Kf1 Rd8 21. Re1 Rxd7 22. Re3 d4 23. Re4 Qd5 24. Qf4 Kg8 25. Qf6 g5 26. Re8+ 1-0

[Event "Barcelona Sant Marti op-B 17th"]
[Site "Barcelona"]
[Date "2015.07.17"]
[Round "5"]
[White "Collell Rodriguez, Victor"]
[Black "Pascual Gonzalez, Novelles Carle"]
[Result "1/2-1/2"]
[WhiteElo "1987"]
[BlackElo "1931"]
[PlyCount "92"]
[EventDate "2015.07.13"]
[EventType "swiss"]
[EventRounds "9"]
[EventCountry "ESP"]
[SourceTitle "EXT 2016"]
[Source "ChessBase"]
[SourceDate "2015.10.08"]
[SourceVersion "1"]
[SourceVersionDate "2015.10.08"]
[SourceQuality "1"]

1. e4 e6 2. Nf3 d5 3. Nc3 Nf6 4. e5 Nfd7 5. d4 c5 6. dxc5 Bxc5 7. Bd3 Nc6 8. Bf4 a6 9. a3 Qc7 10. 0-0 Ndxe5 11. Nxe5 Nxe5 12. Qe2 Bd6 13. Nxd5 exd5 14. Bxe5 Bxe5 15. Rae1 0-0 16. Qxe5 Qxe5 17. Rxe5 Be6 18. f4 Rad8 19. f5 Bc8 20. Be2 f6 21. Re3 Rfe8 22. Rxe8+ Rxe8 23. Bf3 Re5 24. Rd1 Bxf5 25. Rxd5 Bxc2 26. Rxe5 fxe5 27. Bxb7 Bd3 28. Bc6 Kf7 29. b4 Bb5 30. Be4 Ke6 31. Kf2 h6 32. Ke3 Kd6 33. Ba8 Ba4 34. Bb7 Bb5 35. Ke4 Kc7 36. Ba8 Kd6 37. Kf5 Bd3+ 38. Be4 g6+ 39. Kxg6 Bxe4+ 40. Kxh6 Bxg2 41. Kg5 Kd5 42. h4 Kd4 43. h5 Be4 44. a4 Kc4 45. b5 axb5 46. axb5 Kxb5 1/2-1/2

[Event "Foment Martinenc op-A 17th"]
[Site "Barcelona"]
[Date "2015.05.30"]
[Round "6"]
[White "Magallanes, Gustavo"]
[Black "Collell Rodriguez, Victor"]
[Result "1/2-1/2"]
[WhiteElo "1950"]
[BlackElo "1665"]
[PlyCount "81"]
[EventDate "2015.04.25"]
[EventType "swiss"]
[EventRounds "9"]
[EventCountry "ESP"]
[SourceTitle "EXT 2017"]
[Source "ChessBase"]
[SourceDate "2016.10.25"]
[SourceVersion "1"]
[SourceVersionDate "2016.10.25"]
[SourceQuality "1"]

1. e4 c5 2. Nf3 d6 3. c3 g6 4. d4 cxd4 5. cxd4 Bg7 6. Bc4 Nf6 7. Nc3 0-0 8. h3 a6 9. Qe2 b5 10. Bb3 e6 11. Bg5 Qb6 12. e5 dxe5 13. dxe5 Nfd7 14. 0-0 Nc6 15. Bf4 Nd4 16. Qe3 Nxb3 17. Qxb6 Nxb6 18. axb3 Bb7 19. Nd2 Rfd8 20. Rfe1 h6 21. Nde4 Bf8 22. Nf6+ Kg7 23. Red1 Nd5 24. Ncxd5 Bxd5 25. Nxd5 Rxd5 26. Rxd5 exd5 27. Be3 f6 28. Rd1 fxe5 29. Rxd5 Kf6 30. Rd7 Rc8 31. Ra7 Rc6 32. g3 g5 33. Kg2 Kf5 34. Rf7+ Rf6 35. g4+ Ke6 36. Rb7 Kd5 37. Rd7+ Kc6 38. Ra7 Kd5 39. Ra8 Bc5 40. Rd8+ Rd6 41. Rxd6+ 1/2-1/2

[Event "Foment Martinenc op-B 16th"]
[Site "Barcelona"]
[Date "2014.06.14"]
[Round "8"]
[White "Albert Cristobal, Jorge"]
[Black "Collell Rodriguez, Victor"]
[Result "0-1"]
[WhiteElo "1972"]
[BlackElo "1875"]
[PlyCount "54"]
[EventDate "2014.04.26"]
[EventType "swiss"]
[EventRounds "9"]
[EventCountry "ESP"]
[SourceTitle "EXT 2015"]
[Source "ChessBase"]
[SourceDate "2014.11.20"]
[SourceVersion "1"]
[SourceVersionDate "2014.11.20"]
[SourceQuality "1"]

1. e4 e5 2. Bc4 Nf6 3. d4 exd4 4. Nf3 Nc6 5. e5 d5 6. exf6 dxc4 7. Bg5 g6 8. 0-0 Be6 9. Nbd2 Qd7 10. Qe2 0-0-0 11. Nxc4 Bxc4 12. Qxc4 Qd5 13. Qa4 h6 14. Bh4 g5 15. Bg3 Qf5 16. Rad1 Qxf6 17. Rfe1 Bd6 18. Nxd4 Bxg3 19. Nxc6 Bxf2+ 20. Kh1 Bxe1 21. Nxa7+ Kb8 22. Rxe1 Qf2 23. Nc6+ bxc6 24. Qb4+ Qb6 25. Qg4 Rhe8 26. Rf1 f5 27. Qc4 Qb5 0-1

[Event "Foment Martinenc op-B 16th"]
[Site "Barcelona"]
[Date "2014.05.17"]
[Round "4"]
[White "Brunet Gil, Pol"]
[Black "Collell Rodriguez, Victor"]
[Result "0-1"]
[WhiteElo "1853"]
[BlackElo "1875"]
[PlyCount "70"]
[EventDate "2014.04.26"]
[EventType "swiss"]
[EventRounds "9"]
[EventCountry "ESP"]
[SourceTitle "EXT 2015"]
[Source "ChessBase"]
[SourceDate "2014.11.20"]
[SourceVersion "1"]
[SourceVersionDate "2014.11.20"]
[SourceQuality "1"]

1. e4 e5 2. Nf3 Nc6 3. d4 exd4 4. Nxd4 Nf6 5. Nxc6 bxc6 6. e5 Qe7 7. Qe2 Nd5 8. c4 Ba6 9. b3 0-0-0 10. Bb2 Re8 11. g3 h5 12. Nd2 h4 13. Bg2 f6 14. f4 hxg3 15. hxg3 Rxh1+ 16. Bxh1 fxe5 17. Qxe5 Qxe5+ 18. Bxe5 d6 19. cxd5 dxe5 20. f5 Bb4 21. 0-0-0 Bd3 22. Kb2 Bxf5 23. dxc6 Rd8 24. Rf1 Rxd2+ 25. Kc1 Bg6 26. a3 Ra2 27. Rf3 Bxa3+ 28. Kd1 Bh5 29. Ke1 Bxf3 30. Bxf3 Bb4+ 31. Kf1 Kd8 32. g4 Ke7 33. Be4 Rb2 34. Bd5 Kd6 35. Bf7 e4 0-1

[Event "Foment Martinenc op-B 15th"]
[Site "Barcelona"]
[Date "2013.05.04"]
[Round "3"]
[White "Collell Rodriguez, Victor"]
[Black "Gibert Juan, Ramon"]
[Result "1-0"]
[WhiteElo "1673"]
[BlackElo "1654"]
[PlyCount "73"]
[EventDate "2013.04.20"]
[EventType "swiss"]
[EventRounds "9"]
[EventCountry "ESP"]
[SourceTitle "CBM 154 Extra"]
[Source "ChessBase"]
[SourceDate "2013.06.25"]
[SourceVersion "2"]
[SourceVersionDate "2013.06.25"]
[SourceQuality "1"]

1. e4 e6 2. Nc3 d5 3. Nf3 c5 4. exd5 exd5 5. d4 Bg4 6. dxc5 Bxc5 7. Qxd5 Qe7+ 8. Qe4 Nf6 9. Bb5+ Nbd7 10. Qxe7+ Bxe7 11. Bxd7+ Bxd7 12. 0-0 0-0 13. Re1 Rfe8 14. Bg5 Rac8 15. Rad1 Bc6 16. Ne5 h6 17. Nxc6 Rxc6 18. Bxf6 Rxf6 19. Rd7 Re6 20. Rxe6 fxe6 21. Rxb7 Bc5 22. Kf1 Rd8 23. Ke2 e5 24. Ne4 Bb6 25. Nd2 Bxf2 26. Nc4 Bc5 27. Rb5 Rc8 28. c3 Bg1 29. Nxe5 Re8 30. Kd2 Bxh2 31. Nd3 Rd8 32. Rb4 Bg1 33. c4 Bc5 34. Rb5 Bg1 35. c5 Rd5 36. c6 Rd8 37. c7 1-0